| 000 | 00623nam a2200217Ia 4500 | ||
|---|---|---|---|
| 003 | GCL | ||
| 008 | 140319s9999 xx 000 0 ara d | ||
| 040 |
_aGCL / _cGCL |
||
| 082 | 0 | 4 |
_a658 _bع ا |
| 100 | 1 | _aعلى الشرقاوى | |
| 245 | 1 | 0 |
_aادارة الاعمال الوظائف والممارسات / _cعلى الشرقاوى |
| 260 |
_aالقاهرة : _bمؤسسة شباب الجامعة |
||
| 300 | _a639 ص | ||
| 490 | _a | ||
| 650 | 0 | 4 | _aادارة الاعمال |
| 650 | 0 | 4 | _aالادارة |
| 650 | 0 | 4 | _aالتسويق |
| 650 | 0 | 4 | _aالسلطة |
| 650 | 0 | 4 | _aالانتاج |
| 942 |
_2ddc _cBK |
||
| 999 |
_c47322 _d47322 |
||